000 00458nam a2200181Ia 4500
001 22780
005 20260414150853.0
008 260414t1957||||xx |||||||||||||| ||spa||
041 _aESP
082 _a621.9
_bG37
100 _aGerling, Heinrich
_eAUT
245 0 _aAl rededor de las máquinas-herramientas :
_bUn estudio técnico
260 _c1957
300 _a225 páginas :
_c22 cm.
650 _aTCA
654 _aCET
942 _cLIB
_dJUS
_fJUS
_2ddc
_n
999 _c22780
_d22780